A Neveléstörténeti Albizottság ülései

Elmentve itt :
Bibliográfiai részletek
Szerző: Vág Ottó
Dokumentumtípus: Cikk
Megjelent: 1977
Sorozat:Magyar pedagógia : a Magyar Tudományos Akadémia Pedagógiai Bizottságának folyóirata 77 No. 3-4
Kulcsszavak:Bizottsági ülés Pedagógia
Online Access:http://misc.bibl.u-szeged.hu/12906
LEADER 00662nab a2200181 i 4500
001 misc12906
005 20191106141529.0
008 170607s1977 hu o 0|| hun d
022 |a 0025-0260 
040 |a SZTE Miscellanea Repozitórium  |b hun 
041 |a hun 
100 1 |a Vág Ottó 
245 1 2 |a A Neveléstörténeti Albizottság ülései  |h [elektronikus dokumentum] /  |c  Vág Ottó 
260 |c 1977 
300 |a 469 
490 0 |a Magyar pedagógia : a Magyar Tudományos Akadémia Pedagógiai Bizottságának folyóirata  |v 77 No. 3-4 
695 |a Bizottsági ülés Pedagógia 
856 4 0 |u http://misc.bibl.u-szeged.hu/12906/1/mp_1977_003_004_469.pdf  |z Dokumentum-elérés